| 000 | 00481nam a22001577a 4500 | ||
|---|---|---|---|
| 005 | 20251108164655.0 | ||
| 008 | 250721s1999 xx 000 0 ara d | ||
| 082 | 1 | 4 | _a327.56505694/خال |
| 100 | 1 | _aالحباشنة، خالد عبد الرزاق | |
| 245 | 1 | 0 | _aالعلاقات الأردنية الإسرائيلية / |
| 264 | _c1999. | ||
| 650 | 1 | 7 | _aالعلاقات الدولية |
| 650 | 1 | 7 | _aالإتفاقيات الدولية |
| 942 |
_2ddc _cBK |
||
| 999 |
_c11495 _d11495 |
||